| 000 | 00000nam##2200000za#4500 |
| 001 | 9.688647 |
| 003 | CaOODSP |
| 005 | 20210624231527 |
| 007 | cr ||||||||||| |
| 008 | 150407|2000||||xxc|||||o f|0| 0 eng|d |
| 040 | |aCaOODSP|beng |
| 043 | |an-cn--- |
| 086 | 1 |aSW21-147/2000E-PDF |
| 110 | 1 |aCanada. |bStatus of Women Canada. |
| 245 | 10|aAboriginal women's roundtable on gender equality : |h[electronic resource]|broundtable report |
| 260 | |aOttawa - Ontario : |bStatus of Women Canada |c2000. |
| 300 | |a26p. |
| 590 | |a06-10-Supp|b2006-12-15 |
| 690 | 07|aIndigenous peoples|2gcpds |
| 690 | 07|aConsultations|2gcpds |
| 690 | 07|aGender equality|2gcpds |
| 690 | 07|aWomen|2gcpds |
| 775 | 08|tTable ronde des femmes autochtones sur l'égalité entre les sexes : |w(CaOODSP)9.633068 |
| 856 | 40|ahttp://publications.gc.ca|qPDF|s214 KB|uhttps://publications.gc.ca/collections/Collection/SW21-147-2000E.pdf |